10 nearest countries to Dublin, Ireland - Statistics

General Stats
  • This quiz has been taken 773 times
  • The average score is 9 of 10
Answer Stats
Distance Answer % Correct
75km United Kingdom
100%
503km France
98%
1,097km Spain
95%
852km Germany
94%
685km Netherlands
94%
647km Belgium
93%
940km Norway
90%
965km Denmark
89%
909km Luxembourg
86%
1,143km Switzerland
82%
No matching quizzes found
Score Distribution
Percent of People with Each Score
Percentile by Number Answered
Your Score History
You have not taken this quiz